000 01611nam a22002897a 4500
001 1336
005 20230818080448.0
008 230818b cb ||||| |||| 00| 0 khr d
020 _a9789995054144
040 _aFISKH
_beng
_cFISKH
_dFISKH
082 _a398.20952
100 _aSodany, Ouch
245 _aអ៊ីស៊ុនបូស៊ី /
_bរឿងព្រេងជប៉ុន :
_cគូររូបដោយ Isabelle Calin
250 _aបោះពុម្ពលើកទី៨ ខែវិច្ឆិកា ឆ្នាំ ២០២១
260 _aPhnom Penh :
_bSipar,
_c2021.
300 _a28 pages :
_bcolor illustrations ;
_c24 cm
490 _aខ្ញុំចង់អាន
505 _aP
520 _aនៅជំនាន់សាមូរ៉ៃ មានយុវជនជប៉ុនម្នាក់ឈ្មោះ អ៊ីស៊ុនបូស៊ី។ គេមានកម្ពស់មិនខ្ពស់ជាងមេដៃឡើយ ប៉ុន្តែគេបានប្រឈមនឹងគ្រោះថ្នាក់ជាច្រើន។
520 _aIn the samurai era, there was a young Japanese man named Isunbosi. He was no taller than his thumb, but he faced many dangers.
_u
521 _a650
_bLexile estimate
521 _aP
_bRaz-Plus
650 _aជំនាន់សាមូរ៉ៃ
_vប៉ិនមេដៃ
_xប្រឈមមុខ
_yគ្រោះថ្នាក់
650 _aSamurai era
_vAs small as thumb
_xFace
_yDangers
700 _aCalin, Isabelle
_cillustrator
942 _2ddc
_cBK
_n0
999 _c1336
_d1336